| 000 | 00646cam a2200229 a 4500 | ||
|---|---|---|---|
| 020 | _a0803124082 | ||
| 040 | _cDLC | ||
| 082 | 0 | 0 | _a620 AST 1997 A091 Or. |
| 245 | 0 | 0 | _aEffects of the environment on the initiation of crack growth / |
| 260 |
_aWest Conshohocken, PA : _bASTM, _cc1997. |
||
| 300 |
_aix, 302 p. : _bill. ; _c24 cm. |
||
| 490 | 1 | _aSTP ; | |
| 500 | _a"ASTM publication code number (PCN): 04-012980-30." | ||
| 650 | 0 | _aMetals | |
| 650 | 0 | _aMetals | |
| 650 | 0 | _aMetals | |
| 650 | 0 | _aNuclear reactors | |
| 700 | 1 | _aVan der Sluys, William Alan. | |
| 700 | 1 | _aPiascik, Robert S. | |
| 700 | 1 | _aZawierucha, Robert, | |
| 942 | _cEK | ||
| 999 |
_c15583 _d15583 |
||